| 000 | 00798nam a22001577a 4500 | ||
|---|---|---|---|
| 003 | OSt | ||
| 005 | 20160615094419.0 | ||
| 008 | 160615b xxu||||| |||| 00| 0 eng d | ||
| 040 | _cRUA | ||
| 082 | _aAGR RET 2013 B474 Or.1 | ||
| 100 |
_98422 _aRET RATHA; រ៉េត រដ្ឋា |
||
| 245 | _aStudy on farmer's pesticide use on dry season rice in samraong commune, prey chhor district, kampong cham province, សិក្សាអំពីការប្រើប្រាស់ថ្នាំកសិកម្មរបស់កសិករលើដំណាំស្រូវប្រាំងក្នុងឃុំរោង ស្រុកព្រៃឈរ ខេត្តកំពង់ចាម | ||
| 260 |
_aPhnom penh _bRUA _c2013 |
||
| 300 |
_axi,42p. _bill. _c29cm. |
||
| 942 |
_2ddc _cAGR |
||
| 999 |
_c8067 _d8067 |
||